[Event "TUR-chT 1st League"]
[Site "Denizli"]
[Date "2023.07.10"]
[Round "3.56"]
[White "Ceyhan, Mert"]
[Black "Coban, Eren Cinar"]
[Result "0-1"]
[WhiteElo "1773"]
[BlackElo "1810"]
[PlyCount "128"]
[EventDate "2023.07.09"]
[EventType "team-swiss"]
[EventRounds "9"]
[EventCountry "TUR"]
[SourceTitle "CBM 215 Extra"]
[Source "ChessBase"]
[SourceDate "2023.09.30"]
[SourceVersion "1"]
[SourceVersionDate "2023.09.30"]
[SourceQuality "1"]
[WhiteTeam "Varyant Genclik"]
[BlackTeam "Gokyay Vakfi"]
[WhiteTeamCountry "TUR"]
[BlackTeamCountry "TUR"]

1. e4 c6 2. d4 d5 3. Nc3 dxe4 4. Nxe4 Nf6 5. Nxf6+ exf6 6. c3 Bd6 7. Bd3 0-0 8. Ne2 Re8 9. 0-0 Nd7 10. Ng3 Nf8 11. f4 Qc7 12. Ne4 f5 13. Nxd6 Qxd6 14. Qf3 Be6 15. Be3 b5 16. Rfe1 Bd5 17. Qg3 Be4 18. Bxe4 Rxe4 19. Bd2 Rae8 20. Rxe4 Rxe4 21. Re1 Qe6 22. b3 h5 23. h3 Ng6 24. Kh2 Rxe1 25. Bxe1 Qe2 26. a4 bxa4 27. bxa4 Ne7 28. Qf2 Qe4 29. c4 Nc8 30. a5 Nd6 31. d5 c5 32. Qxc5 Nxc4 33. Qf2 a6 34. d6 Nxd6 35. Bc3 Qd3 36. Qd4 Qxd4 37. Bxd4 Ne4 38. Kg1 f6 39. Kf1 Kf7 40. Ke2 Ke6 41. Kf3 Nd2+ 42. Kg3 Kd5 43. Bb6 Nc4 44. Bd8 Ke6 45. Bc7 Kd7 46. Bb8 Nxa5 47. Ba7 Nc4 48. Bd4 Ke6 49. Kh4 g6 50. Kg3 a5 51. Kf3 Nd6 52. Ke3 Ne4 53. Kd3 Kd5 54. Bb6 a4 55. Kc2 Nc5 56. Bd8 Ne6 57. Bxf6 Nxf4 58. g4 fxg4 59. hxg4 hxg4 60. Kd2 Ke4 61. Ke1 Kf3 62. Kf1 g3 63. Be5 g2+ 64. Ke1 Ne2 0-1

[Event "TUR-chT 1st League"]
[Site "Denizli"]
[Date "2023.07.10"]
[Round "2.36"]
[White "Coban, Eren Cinar"]
[Black "Cilek, Bora"]
[Result "1/2-1/2"]
[WhiteElo "1810"]
[BlackElo "2285"]
[PlyCount "151"]
[EventDate "2023.07.09"]
[EventType "team-swiss"]
[EventRounds "9"]
[EventCountry "TUR"]
[SourceTitle "CBM 215 Extra"]
[Source "ChessBase"]
[SourceDate "2023.09.30"]
[SourceVersion "1"]
[SourceVersionDate "2023.09.30"]
[SourceQuality "1"]
[WhiteTeam "Gokyay Vakfi"]
[BlackTeam "Alacati Satranc"]
[WhiteTeamCountry "TUR"]
[BlackTeamCountry "TUR"]

1. e4 c6 2. d4 d5 3. Nd2 dxe4 4. Nxe4 Nf6 5. Nxf6+ exf6 6. c3 Bd6 7. Bd3 0-0 8. Qc2 h6 9. Ne2 Re8 10. Be3 Na6 11. 0-0 Nc7 12. Nf4 a5 13. Qd2 a4 14. c4 f5 15. Bc2 b5 16. c5 Bf8 17. Nd3 Nd5 18. Rad1 Qf6 19. Nf4 Be6 20. a3 Rad8 21. Nxe6 Rxe6 22. Bf4 Nxf4 23. Qxf4 Re2 24. Qxf5 Qxf5 25. Bxf5 g6 26. Bg4 Rxb2 27. Bf3 Rc8 28. Rb1 Ra2 29. Ra1 Rxa1 30. Rxa1 Bg7 31. Rd1 Kf8 32. Kf1 Ke7 33. Ke2 Kd7 34. d5 cxd5 35. Rxd5+ Kc7 36. c6 Kb6 37. Rd7 Rc7 38. Rd8 Bb2 39. Rb8+ Kc5 40. Rb7 Rc8 41. Rxf7 Kc4 42. Rb7 Bxa3 43. c7 Bd6 44. Bc6 Rxc7 45. Bxb5+ Kb4 46. Rxc7 Bxc7 47. Be8 a3 48. Bf7 Kc3 49. g3 Kb2 50. f4 a2 51. Bxa2 Kxa2 52. Kf3 Kb3 53. Kg4 Kc4 54. h4 Kd5 55. h5 Ke6 56. hxg6 Kf6 57. g7 Kxg7 58. Kf3 Kg6 59. g4 Kf7 60. Kg3 Kf6 61. Kf3 Ke6 62. Ke4 Bb8 63. Kf3 Kd5 64. Ke3 Bd6 65. Kf3 Kd4 66. Kg2 Bxf4 67. Kg1 Ke3 68. Kh1 Kf3 69. Kg1 Kg3 70. Kh1 Be5 71. Kg1 Kf3 72. Kh1 Bd4 73. Kh2 Bf2 74. Kh1 Be3 75. Kh2 Kf2 76. Kh1 1/2-1/2

[Event "TUR Cup"]
[Site "Ankara"]
[Date "2021.12.11"]
[Round "6"]
[White "Coban, Eren Cinar"]
[Black "Deveci, Halit"]
[Result "0-1"]
[WhiteElo "1883"]
[BlackElo "1624"]
[PlyCount "110"]
[EventDate "2021.12.08"]
[EventType "swiss"]
[EventRounds "9"]
[EventCountry "TUR"]
[SourceTitle "CBM 205 Extra"]
[Source "ChessBase"]
[SourceDate "2022.01.31"]
[SourceVersion "1"]
[SourceVersionDate "2022.01.31"]
[SourceQuality "1"]

1. e4 c5 2. Nf3 d6 3. Bb5+ Nd7 4. 0-0 a6 5. Bxd7+ Bxd7 6. d4 cxd4 7. Qxd4 Nf6 8. Bg5 e6 9. Nc3 Bc6 10. Rad1 Be7 11. Rfe1 0-0 12. h3 Rc8 13. Qe3 Qa5 14. Qd2 Qc7 15. Bf4 Rfd8 16. Qe3 Qa5 17. Nd2 b5 18. Nb3 Qc7 19. a3 Qb8 20. Rd2 Nd7 21. Qg3 Ne5 22. Na5 Ba8 23. Red1 Qb6 24. Bxe5 dxe5 25. Nb3 f6 26. Rd7 Rxd7 27. Rxd7 Bf8 28. Qg4 Qc6 29. Ra7 f5 30. Qh5 fxe4 31. Qf7+ Kh8 32. Na5 Qb6 33. b4 e3 34. Rd7 exf2+ 35. Qxf2 Qxf2+ 36. Kxf2 Kg8 37. Rd3 Be7 38. Kg1 e4 39. Rd7 Bf6 40. Nd1 Bd5 41. Nb7 Rxc2 42. Nf2 Bd4 43. Nd6 Bxf2+ 44. Kh2 h5 45. h4 e3 46. a4 bxa4 47. b5 axb5 48. g4 e2 49. Rd8+ Kh7 50. Nf7 Bg3+ 51. Kh3 Bg2+ 52. Kxg3 e1Q+ 53. Kf4 Rf2+ 54. Kg5 Qe3+ 55. Kxh5 g6# 0-1

[Event "Ankara Ipek Memorial 7th"]
[Site "Ankara"]
[Date "2019.03.10"]
[Round "6"]
[White "Coban, Eren Cinar"]
[Black "Kir, Seyyit Ali"]
[Result "1-0"]
[WhiteElo "1693"]
[BlackElo "1599"]
[PlyCount "37"]
[EventDate "2019.03.06"]
[EventType "swiss"]
[EventRounds "7"]
[EventCountry "TUR"]
[SourceTitle "CBM 189 Extra"]
[Source "ChessBase"]
[SourceDate "2019.06.03"]
[SourceVersion "1"]
[SourceVersionDate "2019.06.03"]
[SourceQuality "1"]

1. e4 e5 2. Nf3 Nc6 3. Nc3 Nf6 4. Be2 Bc5 5. Nxe5 Nxe5 6. d4 Bb4 7. dxe5 Bxc3+ 8. bxc3 Nxe4 9. Qd3 d5 10. exd6 Nxd6 11. Ba3 Qg5 12. Bxd6 cxd6 13. Qxd6 Be6 14. Rd1 Rc8 15. 0-0 Qc5 16. c4 Qxd6 17. Rxd6 Bxc4 18. Bxc4 Rxc4 19. Re1+ 1-0

[Event "Ankara Ipek Memorial 7th"]
[Site "Ankara"]
[Date "2019.03.10"]
[Round "7"]
[White "Hokka, Fatih"]
[Black "Coban, Eren Cinar"]
[Result "0-1"]
[WhiteElo "1573"]
[BlackElo "1693"]
[PlyCount "80"]
[EventDate "2019.03.06"]
[EventType "swiss"]
[EventRounds "7"]
[EventCountry "TUR"]
[SourceTitle "CBM 189 Extra"]
[Source "ChessBase"]
[SourceDate "2019.06.03"]
[SourceVersion "1"]
[SourceVersionDate "2019.06.03"]
[SourceQuality "1"]

1. Nf3 Nf6 2. d4 d5 3. Bf4 c5 4. e3 cxd4 5. exd4 Nc6 6. c3 g6 7. h3 Bg7 8. Bd3 0-0 9. 0-0 Nh5 10. Bg5 f6 11. Bd2 e5 12. Bb5 e4 13. Nh2 f5 14. Be2 f4 15. Bxh5 gxh5 16. Qxh5 Rf5 17. Qd1 Qh4 18. f3 e3 19. Be1 Qe7 20. Qe2 Rf7 21. Na3 Bf5 22. Rd1 h5 23. Kh1 Bf6 24. Rg1 Rg7 25. g4 hxg4 26. Nxg4 Bxg4 27. Rxg4 Rxg4 28. hxg4 Kg7 29. Nc2 Rh8+ 30. Kg1 Kf8 31. Qg2 Qh7 32. b3 Ne7 33. c4 Ng6 34. Bb4+ Kf7 35. Ne1 Bh4 36. Nd3 Bg3 37. Kf1 Qh1+ 38. Qxh1 Rxh1+ 39. Ke2 Rh2+ 40. Kf1 e2+ 0-1

[Event "Ankara Ipek Memorial 7th"]
[Site "Ankara"]
[Date "2019.03.09"]
[Round "4"]
[White "Coban, Eren Cinar"]
[Black "Kizilkus, Tanju"]
[Result "1-0"]
[WhiteElo "1693"]
[BlackElo "1571"]
[PlyCount "45"]
[EventDate "2019.03.06"]
[EventType "swiss"]
[EventRounds "7"]
[EventCountry "TUR"]
[SourceTitle "CBM 189 Extra"]
[Source "ChessBase"]
[SourceDate "2019.06.03"]
[SourceVersion "1"]
[SourceVersionDate "2019.06.03"]
[SourceQuality "1"]

1. e4 c5 2. d4 cxd4 3. c3 dxc3 4. Nxc3 d6 5. Bc4 e6 6. Nf3 Nc6 7. 0-0 Nf6 8. Qe2 Be7 9. Rd1 e5 10. Bg5 Bg4 11. Qe3 Nd4 12. Nxd4 Bxd1 13. Nf5 Bg4 14. Bb5+ Kf8 15. Nxe7 Qxe7 16. Nd5 Nxd5 17. Bxe7+ Nxe7 18. Rc1 a6 19. Ba4 b5 20. Bb3 a5 21. Rc7 a4 22. Qg5 f6 23. Qxg4 1-0